000 00702 a2200253 4500
001 200129453
650 0 _aAdministrative law
_zTurkey
_910432
999 _c200129453
_d32459
003 TR-AnTOB
005 20250808120503.0
008 130523e2010 tu 000 0
020 _a9786054396283
040 _aTR-AnTOB
041 _atur
050 _aKKX2720
_b.Ö93 2010
090 _aKKX2720 .Ö93 2010
100 1 _aÖzay, İlhan.
_973147
245 0 0 _aGünışığında yönetim II :
_byargısal korunma /
_cİlhan Özay.
264 1 _aİstanbul:
_bXII levha,
_c2010.
300 _ax, 513 p. ;
_c24 cm.
490 0 _aXII levha yayın no; 120.
650 0 _aİdare hukuku
_zTürkiye
_910433
942 _cBK